Developing your child's potential (Record no. 399066)

000 -LEADER
fixed length control field 00436cam a22001697a 4500
008 - FIXED-LENGTH DATA ELEMENTS--GENERAL INFORMATION
fixed length control field 180718b2000 xxu||||| |||| 00| 0 eng d
020 ## - INTERNATIONAL STANDARD BOOK NUMBER
International Standard Book Number n.a.
082 ## - DEWEY DECIMAL CLASSIFICATION NUMBER
Classification number Q434 D49
245 ## - TITLE STATEMENT
Title Developing your child's potential
260 ## - PUBLICATION, DISTRIBUTION, ETC.
Place of publication, distribution, etc. London
Name of publisher, distributor, etc. Time Life Asia
Date of publication, distribution, etc. 2000
300 ## - PHYSICAL DESCRIPTION
Extent 109p.
440 ## - SERIES STATEMENT/ADDED ENTRY--TITLE
Title Successful parenting
650 ## - SUBJECT ADDED ENTRY--TOPICAL TERM
Topical term or geographic name entry element Child care
650 ## - SUBJECT ADDED ENTRY--TOPICAL TERM
Topical term or geographic name entry element Child development
650 ## - SUBJECT ADDED ENTRY--TOPICAL TERM
Topical term or geographic name entry element Child psychology
650 ## - SUBJECT ADDED ENTRY--TOPICAL TERM
Topical term or geographic name entry element Parent and child
Holdings
Withdrawn status Lost status Damaged status Not for loan Permanent Location Current Location Date acquired Full call number Barcode Date last seen Price effective from Koha item type
        Indian Institute of Public Administration Indian Institute of Public Administration 2001-12-18 Q434 D49 77138 2018-07-21 2018-07-21 Book

Powered by Koha